000 00954nam a2200265Ia 4500
003 OSt
005 20221005110304.0
006 a|||||r|||| 00| 0
007 ta
008 221004b |||||||| |||| 00| 0 hin d
020 _a9789383513604 (hbk (Set))
_c2495
024 _a25784
037 _b20, 17/03/2016, P. K. Books
_cTextual
040 _aCRL
_cCRL
_bhin
041 _2hin
_ahin
082 _aO168,1L35x, 152Q5.1-.2
100 _aगुप्ता, रूपा, संपा.
245 0 _aनजीर अकबराबादी
246 _aNajīr akabarābādī
260 _aनई दिल्ली
_bस्वराज प्रकाशन भारत
_c2015
490 _vभाग 1
650 _aउर्दू साहित्य
942 _hO168,1L35x, 152Q5.1-.2
_cTEXL
_2cc
999 _c1018348
_d1018348